00769nam a2200229Ia 4500003000400000005001700004008004100021040000700062041001200069082001900081100003000100245005500130260004100185300003000226365001300256650002200269650003000291906005700321942001200378999001900390952013000409OSt20250724192711.0210423s2001 xx 000 0 und d cAL aEnglish a307.762 bDUTV aNikunjalata Dutta9109566 aVillage panchayats in indiab: case study of assam aNew DelhibMittal Publicationsc2001 axi, 207p.bHBc22x14.5cm. b200cINR aSociology9109567 aUrban Communities9109568 aassam ; case ; india: ; panchayats ; study ; Village 2ddccBK c172594d172594 001040708MSWaSACPGbSACPGd2002-03-07eBook Worldg200.00l0o307.762 DUTVpPG019148r2022-08-24 00:00:00w2021-04-26yBK